Podnikanie v cestovnom ruchu a v realitnej činnosti bakalárska práca

Uložené v:
Podrobná bibliografia
Hlavný autor: Dermeková, Barbora
Korporativný autor: Obchodná fakulta EU. Katedra obchodného práva
Ďalší autori: Veterníková, Mária, 1964-
Médium: Kniha
Jazyk:Slovak
Vydavateľské údaje: Bratislava 2011
Tagy: Pridať tag
Žiadne tagy, Buďte prvý, kto otaguje tento záznam!

MARC

LEADER 00000nbm a2200000 4500
001 0132044
005 20161109111428.2
041 0 |a slo 
044 |a SK 
245 1 0 |a Podnikanie v cestovnom ruchu a v realitnej činnosti  |b bakalárska práca  |c Barbora Dermeková ; školiteľ: Mária Veterníková 
264 1 |a Bratislava  |c 2011 
300 |a 52 s. 
100 1 |a Dermeková, Barbora 
700 1 |a Veterníková, Mária, 1964- 
710 2 |a Obchodná fakulta EU. Katedra obchodného práva